Beyond survey (Record no. 499174)

000 -LEADER
fixed length control field 00305cam a22001097a 4500
008 - FIXED-LENGTH DATA ELEMENTS--GENERAL INFORMATION
fixed length control field 180718b1987 xxu||||| |||| 00| 0 eng d
082 ## - DEWEY DECIMAL CLASSIFICATION NUMBER
Classification number Y16x5413 B489be
100 ## - MAIN ENTRY--PERSONAL NAME
Personal name Ashokvardhan. C.
245 ## - TITLE STATEMENT
Title Beyond survey
Statement of responsibility, etc. by C. Ashokvardhan
260 ## - PUBLICATION, DISTRIBUTION, ETC.
Place of publication, distribution, etc. Patna
Name of publisher, distributor, etc. Survey and Settlement Office
Date of publication, distribution, etc. 1987
300 ## - PHYSICAL DESCRIPTION
Extent 132+p.
Holdings
Withdrawn status Lost status Damaged status Not for loan Permanent Location Current Location Date acquired Full call number Barcode Date last seen Price effective from Koha item type
        Indian Institute of Public Administration Indian Institute of Public Administration 2018-08-04 Y16x5413 B489be GR12053 2018-08-04 2018-08-04 GR

Powered by Koha